000 00357nam a2200157Ia 4500
008 210210b1966 xxu||||| |||| 00| 0 eng d
041 _aeng
082 _a590/116
100 _aGOTTLIEB (F J)
245 _aDevelopmental genetics
260 _aLondon
_b-
_c1966
650 _agenetics
650 _aDevelopmental
690 _aZoology
906 _a010688
999 _c138459
_d138459